00487nam a2200133 a 4500008004100000050002200041100001600063245011300079260003900192300003200231650002400263650003300287650003300320220224s2018 ||||||||||||||||| || u aCBU-PG THESIS/ZUL aZulu, Ketty12aA study of the relationship between Agriculture Finance and Agriculture Sector Growth in Zambiac Ketty Zulu aKitwebCopperbelt Universityc2018 axi, 68 Pages :illustrations aAGRICULTURE FINANCE aAGRICULTURE SECTOR IN ZAMBIA aAGRICULTURE GROWTH IN ZAMBIA